000
00295nam a2200109Ia 4500
008
200302s9999 xx 000 0 und d
100
_a
Harry Parker M. S.
245
_a
Simplified Engineering for Architects and Builders 2nd ed.
260
_b
John Wiley & Sons Inc.
260
_c
1947
300
_a
245 P.,
999
_c
3
_d
3